000 00595nam a22001937a 4500
003 OSt
005 20160427182139.0
008 160427b xxu||||| |||| 00| 0 eng d
020 _a1402074832
040 _cDDC.
082 _a333.9516CON 2003
100 _aEdited by Lemons,John;Victor ,Reginald;Schaffer,Daniel;
_98386
245 _aConserving Biodiversity in Arid Regions:
_bBest practices in developing nations.
260 _aLondon
_bKluwer Academic Publisers.
_c2003.
300 _a493p;
_bIll:
_c25cm.
504 _aIncludes Index.
650 _aBiodiversity.
_91737
942 _2ddc
_cSLOAN
999 _c3819
_d3819